[Event "Challenge"]
[Site "http://www.queenalice.com/game.php?id=1633473"]
[Date "2020.11.19"]
[Round "-"]
[White "Lordul"]
[Black "MADMIKE"]
[Result "0-1"]
[WhiteElo "1789"]
[BlackElo "1867"]

1. d4 d5 2. Bf4 a6 3. e3 e6 4. h4 h6 5. a3 Nf6 6. f3 Nc6 7. c3 Bd6 8. Ne2 Nh5 9.
g4 Nxf4 10. exf4 f6 11. b4 b5 12. a4 bxa4 13. Rxa4 Bb7 14. Qd2 Ne7 15. Ng3 Qd7
16. Ra5 Nc6 17. Ra4 Ne7 18. Ra2 e5 19. fxe5 fxe5 20. Rb2 exd4 21. Nh5 O-O 22.
Qxd4 Rf7 23. Bd3 Re8 24. Re2 c6 25. Bg6 Nxg6 26. Nd2 Rxe2+ 27. Kxe2 Nf4+ 28.
Nxf4 Bxf4 29. Nb3 Re7+ 30. Kd1 Be5 31. Qd3 Bf4 32. Nc5 Qc8 33. g5 h5 34. Qg6 Qf8
35. Nxb7 Rxb7 36. Qxh5 a5 37. g6 Bh6 38. Qg4 axb4 39. Kc2 b3+ 40. Kb2 c5 41.
Qe6+ Kh8 42. Qxd5 Rb5 43. Rf1 Qe8 44. Qd3 Rb8 45. f4 Qa4 46. c4 Qa2+ 47. Kc3 b2
48. Qb1 Qb3+ 49. Kd2 Rd8+ 50. Ke2 Qxc4+ 51. Ke3 Qd4+ 52. Ke2 Re8+ 53. Kf3 Qxf4+
54. Kg2 Re2+ 55. Kh3 Re3+ 56. Kg2 Re2+ 57. Kh3 Re3+ 58. Kg2 Qg3+ 59. Kh1 Qxh4+
60. Kg1 Qg3+ 61. Kh1 Qh3+ 62. Kg1 Rg3+ 63. Kf2 Qg2+ 64. Ke1 Qd2# 0-1

[Event "Grognard"]
[Site "http://www.queenalice.com/game.php?id=1645063"]
[Date "2021.2.27"]
[Round "3"]
[White "Lordul"]
[Black "z3r0vulc4n"]
[Result "0-1"]
[WhiteElo "1792"]
[BlackElo "1860"]

1. d4 d5 2. Bf4 c6 3. e3 Nf6 4. f3 Bf5 5. h4 h6 6. g4 Bh7 7. h5 e6 8. g5 hxg5 9.
Be5 Nbd7 10. Bxf6 Qxf6 11. Rh2 Bd6 12. Rf2 e5 13. Nd2 O-O 14. Nb3 exd4 15. exd4
Bg3 16. Qd2 Bxf2+ 17. Qxf2 Rfe8+ 18. Kd1 g4 19. f4 Nb6 20. a4 Nc4 21. Bxc4 dxc4
22. Nd2 Qf5 23. Nxc4 Qxh5 24. Kd2 Rad8 25. c3 c5 26. Ne2 Qf5 27. Ne5 Qc2+ 28.
Ke1 Qxb2 29. Rc1 cxd4 30. cxd4 Qb4+ 31. Kf1 Qxa4 32. f5 f6 33. Nxg4 Qa3 34. Rd1
Qh3+ 35. Kg1 Qxg4+ 36. Kf1 Qxf5 37. Rc1 Qxf2+ 38. Kxf2 Bd3 39. Nf4 Rxd4 40. Ng2
Rc4 41. Ra1 Rc2+ 42. Kg3 Be4 43. Ne3 Rc3 44. Kf2 Bc6 45. Nf1 Rf3+ 46. Kg1 Re5
47. Rxa7 Rg5+ 48. Kh2 Rxf1 49. Ra3 Rh1# 0-1

[Event "Challenge"]
[Site "http://www.queenalice.com/game.php?id=1646122"]
[Date "2021.3.8"]
[Round "-"]
[White "Lordul"]
[Black "Bardam"]
[Result "1-0"]
[WhiteElo "1779"]
[BlackElo "1100"]

1. d4 d5 2. Bf4 Nf6 3. f3 e6 4. Bg5 Be7 5. Bxf6 Bxf6 6. e3 O-O 7. f4 a6 8. c3
Nd7 9. g3 c5 10. Nf3 cxd4 11. exd4 b5 12. h4 g6 13. Bd3 Bb7 14. g4 Be7 15. g5 f5
16. h5 Kg7 17. Nbd2 Rc8 18. Qe2 Nb6 19. hxg6 hxg6 20. Ne5 Rh8 21. Rxh8 Qxh8 22.
O-O-O Qh4 23. Qf3 Rh8 24. b4 Nc4 25. Bxc4 bxc4 26. a4 Qh3 27. Qe2 Qxc3+ 28. Kb1
Qxb4+ 29. Kc1 Qc3+ 30. Kb1 Ba8 31. Ndxc4 dxc4 32. Rd2 Rb8+ 33. Rb2 1-0

[Event "Challenge"]
[Site "http://www.queenalice.com/game.php?id=1646904"]
[Date "2021.3.17"]
[Round "-"]
[White "DanielAlvesGarciaSantosSilva"]
[Black "Lordul"]
[Result "1-0"]
[WhiteElo "1947"]
[BlackElo "1781"]

1. e4 e5 2. Bc4 h6 3. Qh5 Qf6 4. Nf3 d6 5. d3 g6 6. Qh4 Qg7 7. Nc3 c6 8. Be3 Be7
9. Qg3 a5 10. a3 Bf6 11. Bb3 b5 12. O-O Ne7 13. Rfd1 g5 14. d4 g4 15. dxe5 dxe5
16. Nh4 Bxh4 17. Qxh4 Be6 18. Bxe6 fxe6 19. Rd6 Kf7 20. Bc5 Nc8 21. Rd3 Qg5 22.
Qxg5 hxg5 23. Rg3 Nd7 24. Be3 Rg8 25. Rxg4 Kf6 26. h4 Ne7 27. Bxg5+ Kf7 28. Rd1
Nb8 29. h5 Ra7 30. Rd3 Nc8 31. h6 Nb6 32. Rdg3 Ra8 33. Rf3+ Ke8 34. Rf6 Kd7 35.
h7 Rh8 36. Rh6 Na6 37. Bf6 Nc4 38. Bxh8 Kd6 39. Rg8 Ra7 40. Bg7 Nxb2 41. h8=Q b4
42. Bxe5+ Kc5 43. Bd4+ Kc4 44. Bxa7 c5 45. Ne2 Na4 46. Rxe6 bxa3 47. Rxa6 Kb5
48. Qf6 Nb2 49. Rb8+ Ka4 50. Nc3# 1-0

[Event "Grognard"]
[Site "http://www.queenalice.com/game.php?id=1684056"]
[Date "2021.4.25"]
[Round "4"]
[White "tewald"]
[Black "Lordul"]
[Result "1-0"]
[WhiteElo "1994"]
[BlackElo "1772"]

1. e4 e5 2. d4 exd4 3. Nf3 c5 4. Bc4 d6 5. Ng5 Be6 6. Bxe6 fxe6 7. Nxe6 Qd7 8.
Nxf8 Kxf8 9. O-O Na6 10. Na3 h6 11. Nc4 b6 12. Qf3+ Ke7 13. e5 Rf8 14. exd6+ Ke8
15. Re1+ Ne7 16. Qh5+ Rf7 17. Rxe7+ Qxe7 18. dxe7 Kxe7 19. Bd2 Nc7 20. Bg5+ Kf8
21. Ne5 Rf5 22. Be7+ Kxe7 23. Qxf5 Ne6 24. Ng6+ 1-0

[Event "Challenge"]
[Site "http://www.queenalice.com/game.php?id=1779710"]
[Date "2022.1.9"]
[Round "-"]
[White "Lordul"]
[Black "yasseryack"]
[Result "0-1"]
[WhiteElo "1765"]
[BlackElo "1938"]

1. d4 d6 2. Bf4 c6 3. e3 Nf6 4. f3 Qb6 5. b3 Nd5 6. Ne2 f6 7. g4 g5 8. Bg3 Nxe3
9. Qd3 Nxf1 10. Rxf1 Nd7 11. a4 Bg7 12. f4 Nf8 13. f5 Bd7 14. a5 Qb4+ 15. Kd1 e6
16. Ra4 Qb5 17. Qe3 Qd5 18. c4 Qg2 19. Rf2 Qh1+ 20. Kc2 c5 21. Ra3 O-O-O 22.
Bxd6 Re8 23. Bxc5 exf5 24. Qg3 Qe4+ 25. Kb2 f4 26. Qf3 Qxf3 27. Rxf3 Bxg4 28.
Rf2 Bxe2 29. Bxa7 Nd7 30. Nc3 f3 31. Nb5 Re6 32. d5 Ra6 33. Bd4 Bf8 34. Ra2 Bc5
35. Kc3 Bxd4+ 36. Nxd4 Re8 37. b4 Re3+ 38. Kb2 Bxc4 39. Ra1 Ne5 40. Kc2 Bxd5 41.
b5 Rd6 42. Kd2 Rd3+ 43. Kc2 Rxd4 44. h3 Be4+ 45. Kc1 Nd3+ 46. Kd1 Nxf2+ 47. Kc1
Rd1+ 0-1

[Event "Challenge"]
[Site "http://www.queenalice.com/game.php?id=1785665"]
[Date "2022.3.26"]
[Round "-"]
[White "edemarc"]
[Black "Lordul"]
[Result "0-1"]
[WhiteElo "1667"]
[BlackElo "1734"]

1. e4 e5 2. Nf3 d6 3. h3 h6 4. Bb5+ c6 5. Ba4 g5 6. g4 a5 7. d3 b5 8. Nc3 bxa4
9. Nxa4 f6 10. Be3 c5 11. Qd2 h5 12. gxh5 Rxh5 13. Ng1 g4 14. h4 Bh6 15. f3 Nc6
16. c3 Bd7 17. b3 Nb8 18. Nb2 f5 19. Nc4 Qc7 20. b4 f4 21. Bf2 g3 22. bxc5 gxf2+
23. Qxf2 dxc5 24. Qg2 Ne7 0-1

[Event "Retraiteactive"]
[Site "http://www.queenalice.com/game.php?id=1786362"]
[Date "2022.4.5"]
[Round "1"]
[White "shady66"]
[Black "Lordul"]
[Result "1-0"]
[WhiteElo "1594"]
[BlackElo "1756"]

1. e4 e5 2. a3 Bc5 3. Qf3 d6 4. h3 h6 5. c4 a5 6. a4 Nc6 7. d3 Nd4 8. Qd1 h5 9.
Bd2 g5 10. Nf3 Nxf3+ 11. gxf3 f6 12. b3 Bd4 13. Bc3 Bc5 14. Qd2 b6 15. b4 axb4
16. Bxb4 Bd4 17. Ra3 c6 18. Bc3 c5 19. Bxd4 exd4 20. Be2 Bd7 21. Bd1 Rh7 22. f4
h4 23. f5 Bc6 24. Bb3 Qb8 25. Ke2 Rha7 26. Qc2 Ne7 27. f3 Ra5 28. Nd2 Bd7 29.
Rha1 Nc6 30. Nf1 Nb4 31. Qd1 Qd8 32. Nh2 Bc6 33. Ng4 R8a7 34. Kd2 Re7 35. Nf2
Qd7 36. Ng4 Kf7 37. Nh6+ Kg7 38. Ng4 Ra8 39. Nf2 Qe8 40. Ng4 d5 41. cxd5 Bb7 42.
Bc4 Ba6 43. Bxa6 Rxa6 44. Qc1 Raa7 45. Qb2 Ra5 46. Nf2 Re5 47. Qb3 Ra6 48. Ng4
Re7 49. Qc4 Ra5 50. Nf2 Rd7 51. Qb3 Raa7 52. Ng4 Qb8 53. Qd1 Qh2+ 54. Nxh2 1-0

[Event "Challenge"]
[Site "http://www.queenalice.com/game.php?id=1786393"]
[Date "2022.4.6"]
[Round "-"]
[White "Retraiteactive"]
[Black "Lordul"]
[Result "1-0"]
[WhiteElo "1878"]
[BlackElo "1756"]

1. Nf3 d5 2. d4 Bf5 3. a3 e6 4. Bg5 f6 5. Bd2 c6 6. e3 Bg4 7. Be2 Bxf3 8. Bxf3
g6 9. O-O h5 10. Be2 a6 11. c4 b6 12. cxd5 Qxd5 13. Nc3 Qd7 14. b4 b5 15. Bf3
Ra7 16. Qe2 h4 17. h3 Bg7 18. Rfc1 f5 19. Qd1 a5 20. Na2 a4 21. Rc2 Nf6 22. Rac1
Ra6 23. Nc3 g5 24. Nxb5 Ne4 25. Bxe4 fxe4 26. Qg4 Bf6 27. Nc3 Qd6 28. Nxe4 Qe7
29. Nxf6+ Qxf6 30. Bc3 Rh7 31. d5 Qe7 32. Qxe6 Qxe6 33. dxe6 Ke7 34. Bd4 Kxe6
35. Rc5 Rf7 36. Re5+ Kf6 37. Re8+ Kg6 38. Rxb8 Kf5 39. Rc5+ Kg6 40. Rg8+ Kh6 41.
Rcxg5 Raa7 42. R8g6+ Kh7 43. Rxc6 Ra8 44. Rh5+ Kg8 45. Rh8# 1-0

[Event "Retraiteactive"]
[Site "http://www.queenalice.com/game.php?id=1788367"]
[Date "2022.5.6"]
[Round "2"]
[White "Lordul"]
[Black "Fauquinelle"]
[Result "0-1"]
[WhiteElo "1728"]
[BlackElo "2008"]

1. d4 d5 2. Bf4 Nf6 3. e3 Bg4 4. f3 Bf5 5. h4 Nc6 6. Bb5 Bd7 7. Bxc6 bxc6 8. g4
h6 9. c3 g6 10. Be5 Bg7 11. Bxf6 exf6 12. b4 a5 13. a4 axb4 14. cxb4 h5 15. a5
Qe7 16. Qb3 hxg4 17. f4 f5 18. Ra2 Rxh4 19. Rah2 Rxh2 20. Rxh2 Bxd4 21. Re2 Bf6
22. Nd2 Be6 23. Qa4 Bd7 24. Qb3 Qd6 25. Nb1 Be7 26. Kf2 Qxb4 27. Qd3 Rxa5 28.
Nd2 Be6 29. Re1 Ra3 30. Qc2 Rc3 31. Qa2 Bc5 32. Qa8+ Kd7 33. Qa1 Qxf4+ 34. Kg2
Rxe3 35. Rxe3 Qxe3 36. Qd1 Qf2+ 37. Kh1 d4 38. Qe2 Bd5+ 39. Ndf3 Bxf3+ 0-1

[Event "Challenge"]
[Site "http://www.queenalice.com/game.php?id=1788876"]
[Date "2022.5.14"]
[Round "-"]
[White "Lordul"]
[Black "Vin100"]
[Result "0-1"]
[WhiteElo "1747"]
[BlackElo "1665"]

1. d4 d5 2. Bf4 Nc6 3. e3 h6 4. Bb5 Bd7 5. Bxc6 Bxc6 6. h4 e6 7. a3 Bd6 8. Qg4
g6 9. Nf3 Nf6 10. Qh3 Qd7 11. g4 O-O-O 12. Nc3 Bxf4 13. exf4 Qd6 14. Qg3 Nd7 15.
b4 f6 16. b5 Bxb5 17. Kd2 Bc6 18. Rhb1 Nb6 19. Ng1 Nc4+ 20. Kd3 e5 21. fxe5 fxe5
22. Nf3 e4+ 23. Ke2 exf3+ 24. Qxf3 Rhf8 25. Qg2 Qe7+ 26. Kd1 Qxh4 27. Ke2 Rde8+
28. Kd3 Rxf2 29. Rh1 Re3# 0-1

[Event "Challenge"]
[Site "http://www.queenalice.com/game.php?id=1788877"]
[Date "2022.5.14"]
[Round "-"]
[White "Vin100"]
[Black "Lordul"]
[Result "1-0"]
[WhiteElo "1734"]
[BlackElo "1723"]

1. e4 e5 2. Nf3 d6 3. Bc4 Bg4 4. O-O c6 5. b4 b5 6. Bb3 a6 7. d3 h6 8. Be3 Nf6
9. Nbd2 Nbd7 10. h3 Bxf3 11. Qxf3 a5 12. a3 a4 13. Ba2 g5 14. c4 Rb8 15. d4 Be7
16. g4 Rf8 17. Qg3 Rb7 18. f3 c5 19. dxc5 dxc5 20. Rfd1 cxb4 21. axb4 Bxb4 22.
cxb5 Rxb5 23. Nc4 Bc5 24. Bxc5 Rxc5 25. Nd6+ Ke7 26. Nb7 Qb6 27. Nxc5 Qxc5+ 28.
Qf2 Qb4 29. Rdb1 Qa5 30. Rb7 Rd8 31. Ra7 Qb5 32. Rb1 Qd3 33. Rxa4 Qc3 34. Rb3
Qc6 35. Ra7 Qc1+ 36. Kg2 Kf8 37. Rba3 Qc6 38. R3a6 Qb5 39. Ra8 Rxa8 40. Rxa8+
Kg7 41. Qc2 Nc5 42. Ra7 Nfd7 43. Bd5 Kf6 44. Ra2 Kg6 45. Qc4 Qxc4 46. Bxc4 f6
47. Kg3 h5 48. Ra3 Nb6 49. Bb5 Nb7 50. Be8+ Kg7 51. Ra7 h4+ 52. Kf2 Kf8 53. Bb5
Nc5 54. Rc7 Ne6 55. Rc6 Nd4 56. Rxb6 Ke7 57. Ba4 Ne6 58. Bb3 Nf4 59. Rb7+ Kd6
60. Rf7 Nxh3+ 61. Ke3 Nf4 62. Rxf6+ Kc5 63. Kf2 Kd4 64. Rd6+ Kc3 65. Bd1 h3 66.
Kg3 Kc4 67. Rf6 Kd3 68. Rf5 Kd2 69. Bb3 Ke2 70. Rxg5 Kf1 71. Rxe5 Kg1 72. Ra5
Ne2+ 73. Kxh3 Kf2 74. Ra2 Kxf3 75. Rxe2 Kxe2 76. e5 1-0

[Event "Retraiteactive"]
[Site "http://www.queenalice.com/game.php?id=1789841"]
[Date "2022.5.30"]
[Round "3"]
[White "Gumo"]
[Black "Lordul"]
[Result "0-1"]
[WhiteElo "1541"]
[BlackElo "1707"]

1. Nf3 d5 2. g3 Bf5 3. Bg2 Be4 4. O-O Bxf3 5. exf3 c6 6. f4 e6 7. Bh3 h5 8. d3
g6 9. Nd2 f5 10. Nf3 Bg7 11. d4 Nd7 12. Ng5 Qf6 13. Qe2 Bh6 14. Nxe6 Kf7 15. Nc5
Nxc5 16. dxc5 Ne7 17. Be3 Rae8 18. Qd2 b5 19. Bd4 Qe6 20. Rae1 Qd7 21. a3 Rhg8
22. b3 g5 23. Be3 g4 24. Bg2 Ng6 25. c4 Qb7 26. Qd4 bxc4 27. Bd2 Qxb3 28. Bc3
Bg7 29. Rb1 Qxa3 30. Rb7+ Ne7 31. Qd3 cxd3 0-1

[Event "Challenge"]
[Site "http://www.queenalice.com/game.php?id=1795172"]
[Date "2022.8.30"]
[Round "-"]
[White "zmanomega"]
[Black "Lordul"]
[Result "1-0"]
[WhiteElo "1669"]
[BlackElo "1724"]

1. e4 e5 2. Bc4 Bc5 3. Nf3 d6 4. d4 exd4 5. Nxd4 a6 6. c3 c6 7. O-O b5 8. Be2
Bxd4 9. Qxd4 f6 10. Bh5+ g6 11. Bf3 c5 12. Qd5 Ra7 13. Bf4 Rd7 14. Qa8 Bb7 15.
Qa7 Qc7 16. e5 fxe5 17. Bxb7 exf4 18. Nd2 Qxb7 19. Qxb7 Rxb7 20. Ne4 Rd7 21.
Rae1 Kf7 22. Rd1 Nf6 23. Ng5+ Kg8 24. Rde1 h6 25. Nf3 Kf7 26. b3 Nd5 27. Rc1 c4
28. Rfd1 Nb6 29. Rd4 Re8 30. Rxf4+ Kg7 31. h4 Re2 32. bxc4 Nxc4 33. Nd4 Rxa2 34.
Ne6+ Kg8 35. Rf8+ Kh7 36. Rxb8 Nd2 37. Nf8+ Kg7 38. Nxd7 Ne4 39. Rf8 h5 40. Re1
Nxc3 41. Re7+ Kh6 42. Rh8# 1-0

[Event "Challenge"]
[Site "http://www.queenalice.com/game.php?id=1830284"]
[Date "2024.1.26"]
[Round "-"]
[White "Lordul"]
[Black "Castling"]
[Result "1-0"]
[WhiteElo "1712"]
[BlackElo "1606"]

1. d4 g6 2. Bf4 Bg7 3. e3 b6 4. h4 Bb7 5. Rh2 d5 6. c3 Nc6 7. Bb5 Nf6 8. Be5 a6
9. Bxc6+ Bxc6 10. g4 O-O 11. h5 g5 12. h6 Bh8 13. f4 Nxg4 14. Qxg4 Bf6 15. fxg5
Bxe5 16. dxe5 e6 17. b3 Kh8 18. a4 Rg8 19. Raa2 Rxg5 20. Qf3 Rxg1+ 21. Kd2 Rxb1
22. Kc2 Rg1 23. Kd3 Qg8 24. Qf6+ 1-0

[Event "Challenge"]
[Site "http://www.queenalice.com/game.php?id=1830423"]
[Date "2024.1.29"]
[Round "-"]
[White "Lordul"]
[Black "QAICC"]
[Result "1-0"]
[WhiteElo "1724"]
[BlackElo "1681"]

1. d4 d5 2. Bf4 Nf6 3. e3 a6 4. f3 Bf5 5. h4 h5 6. a3 a5 7. Nc3 c6 8. Be2 Nbd7
9. g4 hxg4 10. Bg5 Nh5 11. fxg4 Ng3 12. Rh3 Nxe2 13. Qxe2 Be6 14. Bf4 Nf6 15.
Rh2 Bxg4 16. Qf2 e6 17. Bg5 Bd6 18. Rh1 Be7 19. Bxf6 Bxf6 20. Na4 Be7 21. b3
Bxh4 22. Rxh4 Qxh4 23. Nb6 Qxf2+ 24. Kxf2 Ra6 25. Na4 Rh1 26. Nc5 Ra7 27. c3 b6
28. Na4 Rh2+ 29. Kg3 Rb2 30. Kxg4 Rxb3 31. Ne2 b5 32. Nc5 Rb2 33. Kf3 Ke7 34.
Kf2 b4 35. axb4 a4 36. Nxa4 Rc2 37. Kf3 f5 38. Nf4 Rh2 39. Kg3 Rc2 40. Ng6+ Kd6
41. Ra3 Re2 42. Kf3 Rh2 43. Kf4 Rh4+ 44. Nxh4 Ra8 45. Ng6 Ra7 46. Ne5 Rc7 47.
Nc5 g6 48. Nxg6 Rg7 49. Ne5 Rh7 50. Ra6 Rc7 51. b5 Ke7 52. b6 1-0

[Event "Let's Play Chess!"]
[Site "http://www.queenalice.com/game.php?id=1833075"]
[Date "2024.3.10"]
[Round "-"]
[White "Lordul"]
[Black "josebaron"]
[Result "0-1"]
[WhiteElo "1738"]
[BlackElo "2187"]

1. d4 d5 2. Bf4 e6 3. h4 Bd6 4. e3 Bxf4 5. exf4 Nf6 6. f3 Qd6 7. Ne2 Qb4+ 8. c3
Qxb2 9. Nd2 O-O 10. Nb3 b6 11. g4 Ba6 12. Rg1 Bxe2 13. Bxe2 Qxc3+ 14. Kf2 c5 15.
Rc1 Qb4 16. g5 Nh5 17. Ke3 cxd4+ 18. Kf2 Nxf4 19. Kg3 e5 20. Re1 Nxe2+ 21. Rxe2
Qd6 22. Kg2 f5 23. a4 Nd7 24. Qd2 f4 25. Rf2 Rac8 26. Re1 Rc3 27. Rb1 Qg6 28.
Rb2 Qh5 29. Qe2 Qxh4 30. Kg1 Qxg5+ 31. Rg2 Qh5 32. Nd2 Rf6 33. a5 Rg6 34. Rxg6
Qxg6+ 35. Kh2 Qg3+ 36. Kh1 Rc1+ 37. Nf1 Re1 38. Qg2 Qh4+ 39. Kg1 Rc1 40. axb6
axb6 41. Ra2 Rc6 42. Ra7 Rg6 43. Qxg6 hxg6 44. Rxd7 e4 45. fxe4 Qg4+ 46. Kf2
Qxd7 0-1

[Event "Challenge"]
[Site "http://www.queenalice.com/game.php?id=1850535"]
[Date "2025.1.19"]
[Round "-"]
[White "zmanomega"]
[Black "Lordul"]
[Result "0-1"]
[WhiteElo "1750"]
[BlackElo "1736"]

1. e4 e5 2. Nf3 d6 3. Bc4 Bg4 4. h3 Bxf3 5. Qxf3 Nf6 6. Nc3 c6 7. d3 h6 8. b4 b5
9. Bb3 a5 10. Bb2 a4 11. Bxf7+ Kxf7 12. g4 Ke8 13. a3 Ra7 14. Qe3 Rb7 15. d4 g5
16. O-O-O Nbd7 17. Rd3 Qb8 18. Rhd1 Rh7 19. dxe5 Nxe5 20. R3d2 Nc4 21. Qe2 Nxd2
22. Rxd2 Rhe7 23. f3 Bg7 24. Rd3 Ng8 25. Qh2 Rbd7 26. f4 Bxc3 27. Bxc3 d5 28.
exd5 gxf4 29. Rf3 Re4 30. dxc6 Rde7 31. Kb2 Rc4 32. Bd2 Ree4 33. c3 Qe5 34. h4
Re2 0-1

[Event "Challenge"]
[Site "http://www.queenalice.com/game.php?id=1868927"]
[Date "2026.2.5"]
[Round "-"]
[White "Lordul"]
[Black "PRZ"]
[Result "1-0"]
[WhiteElo "1757"]
[BlackElo "1534"]

1. d4 e6 2. Bf4 g5 3. Bg3 d5 4. e3 Nf6 5. f3 c5 6. Be5 a6 7. h4 Bh6 8. Bxf6 Qxf6
9. g3 gxh4 10. Rxh4 Bxe3 11. Nh3 e5 12. c3 Bg5 13. Rh5 h6 14. Bg2 c4 15. Qe2 Nc6
16. f4 Bxf4 17. gxf4 Bxh3 18. fxe5 1-0